[Event "Tournament 14472 - Europe Echecs"]
[Site "Europe Echecs"]
[Date "2020.07.10"]
[Round "2"]
[Time "14:35:42"]
[PlyCount "65"]
[White "GuillotYoann"]
[Black "WuClara"]
[WhiteElo "1157"]
[BlackElo "1403"]
[Mode "WEB"]
[Result "0-1"]

1. b3 Nf6 2. Bb2 e6 3. e3 Be7 4. f4 O-O 5. Ne2 b6 6. d3 d5 7. h3 Bb7 8. d4 c5 9.
g3 Nbd7 10. Bg2 Rc8 11. Nd2 Ba6 12. Rc1 Rc7 13. O-O Qc8 14. Re1 Rd8 15. Ba3 Re8
16. Bb2 cxd4 17. Nxd4 Nc5 18. Kh2 Rd8 19. b4 Nce4 20. Nxe4 Nxe4 21. Bxe4 dxe4
22. b5 Bb7 23. Qe2 Bf6 24. g4 Bd5 25. g5 Be7 26. a4 Bb4 27. c3 Bxc3 28. Bxc3
Rxc3 29. Rxc3 Qxc3 30. Nc6 Bxc6 31. bxc6 Qxc6 32. Qa6 Qc7 {GuillotYoann a abandonné} 0-1

[Event "Tournament 14472 - Europe Echecs"]
[Site "Europe Echecs"]
[Date "2020.07.10"]
[Round "2"]
[Time "14:35:42"]
[PlyCount "60"]
[White "EricAndrianaFi"]
[Black "LedouxCamille"]
[WhiteElo "1401"]
[BlackElo "1165"]
[Mode "WEB"]
[Result "1-0"]

1. e4 d5 2. exd5 Qxd5 3. Nc3 Qa5 4. g3 Nf6 5. Bg2 c5 6. Nf3 Nc6 7. O-O b6 8. d4
Bb7 9. dxc5 Qxc5 10. Be3 Qa5 11. Qe2 Ba6 12. Qe1 Bxf1 13. Qxf1 e6 14. Nd4 Nxd4
15. Bxa8 Nxc2 16. Bc6+ Ke7 17. Rd1 Nxe3 18. fxe3 Qc5 19. Qf3 e5 20. Nd5+ Nxd5
21. Bxd5 f6 22. Qf5 Qxe3+ 23. Kf1 Ke8 24. Bc6+ Kf7 25. Rd7+ Be7 26. Bd5+ Kf8 27.
Qe6 Qc1+ 28. Kg2 Qxb2+ 29. Kh3 Qb4 30. Qf7# {LedouxCamille est échec et mat} 1-0

[Event "Tournament 14472 - Europe Echecs"]
[Site "Europe Echecs"]
[Date "2020.07.10"]
[Round "2"]
[Time "14:35:42"]
[PlyCount "83"]
[White "BerezovskyJona"]
[Black "TallecNolann"]
[WhiteElo "1130"]
[BlackElo "1400"]
[Mode "WEB"]
[Result "0-1"]

1. e4 d5 2. exd5 Qxd5 3. Nc3 Qd6 4. Nf3 Bg4 5. h3 Bh5 6. Bc4 Nf6 7. b3 e6 8. Bb2
a6 9. Qe2 Nc6 10. Ne4 Nxe4 11. Qxe4 Bg6 12. Qe3 O-O-O 13. O-O Kb8 14. Rad1 Bxc2
15. Rc1 Bd3 16. Bxd3 Qxd3 17. Qxd3 Rxd3 18. Rc3 Rd5 19. Rfc1 Bb4 20. R3c2 f6 21.
Bc3 Rhd8 22. Bxb4 Nxb4 23. Rxc7 Nxa2 24. R1c4 Rg8 25. Re7 e5 26. d4 exd4 27.
Rxd4 Nc3 28. Rb4 Rb5 29. Rxb5 Nxb5 30. Nd2 Kc8 31. Nc4 h5 32. g3 Kb8 33. Kg2 g6
34. Rf7 f5 35. Rf6 Ka7 36. Ne5 g5 37. Rxf5 Nd4 38. Rf6 Nxb3 39. f4 a5 40. Nc4 a4
41. fxg5 Rxg5 {BerezovskyJona a perdu au temps} 0-1

[Event "Tournament 14472 - Europe Echecs"]
[Site "Europe Echecs"]
[Date "2020.07.10"]
[Round "2"]
[Time "14:35:42"]
[PlyCount "50"]
[White "DevizaAndrei"]
[Black "DennebouyAlexa"]
[WhiteElo "1379"]
[BlackElo "1160"]
[Mode "WEB"]
[Result "1-0"]

1. e4 e5 2. Nf3 Nc6 3. Bc4 Nf6 4. Ng5 d5 5. exd5 Nxd5 6. Qf3 Qxg5 7. Bxd5 Nd4 8.
Qxf7+ Kd8 9. O-O Bh3 10. d3 Qxg2+ 11. Bxg2 Bxg2 12. Kxg2 a6 13. Bg5+ Be7 14.
Qxe7+ Kc8 15. Nc3 b6 16. Nd5 Ra7 17. Nxb6+ Kb7 18. Nd5 Kc6 19. Qxg7 Rb8 20. Qxe5
Nxc2 21. Rac1 Kd7 22. Rxc2 a5 23. Qe7+ Kc8 24. Rxc7+ Rxc7 25. Qxc7# {DennebouyAlexa est échec et mat} 1-0

[Event "Tournament 14472 - Europe Echecs"]
[Site "Europe Echecs"]
[Date "2020.07.10"]
[Round "2"]
[Time "14:35:42"]
[PlyCount "69"]
[White "ClairMathieu"]
[Black "SemenovMaxime"]
[WhiteElo "1125"]
[BlackElo "1367"]
[Mode "WEB"]
[Result "0-1"]

1. d4 Nf6 2. Bf4 e6 3. e3 c5 4. Nf3 Nc6 5. Nc3 d5 6. Bb5 Bd7 7. O-O Be7 8. Re1
O-O 9. Na4 cxd4 10. exd4 Rc8 11. c3 a6 12. Bd3 b5 13. Nc5 Qb6 14. Nxd7 Nxd7 15.
Bxh7+ Kxh7 16. Ng5+ Bxg5 17. Qh5+ Bh6 18. Re3 Nf6 19. Qh3 Ne7 20. Bxh6 gxh6 21.
f3 Nf5 22. Re2 Qd8 23. g4 Ng7 24. Rc1 b4 25. Kf2 bxc3 26. bxc3 Rc4 27. g5 Ng8
28. gxh6 Nxh6 29. Qg3 Ngf5 30. Qh3 Qh4+ 31. Qxh4 Nxh4 32. Ke3 Rfc8 33. a3 Rxc3+
34. Kd2 Rxc1 {ClairMathieu a abandonné} 0-1

[Event "Tournament 14472 - Europe Echecs"]
[Site "Europe Echecs"]
[Date "2020.07.10"]
[Round "2"]
[Time "14:35:42"]
[PlyCount "48"]
[White "ChareyreSylvai"]
[Black "ChevillonManon"]
[WhiteElo "1081"]
[BlackElo "1356"]
[Mode "WEB"]
[Result "1-0"]

1. e4 e5 2. Nf3 Nc6 3. Bc4 Bc5 4. c3 Nf6 5. d4 exd4 6. cxd4 Bb4+ 7. Nc3 d6 8.
O-O Bxc3 9. bxc3 Qe7 10. Ng5 O-O 11. Re1 a6 12. a4 Bg4 13. Qd3 h6 14. Nf3 Bxf3
15. Qxf3 d5 16. Bd3 dxe4 17. Bxe4 Nxe4 18. Rxe4 Qd7 19. Qg3 Kh8 20. Rh4 Rfe8 21.
Bxh6 g6 22. Bg5+ Kg8 23. Bf6 Qxd4 24. Rh8# {ChevillonManon est échec et mat} 1-0

[Event "Tournament 14472 - Europe Echecs"]
[Site "Europe Echecs"]
[Date "2020.07.10"]
[Round "2"]
[Time "14:35:42"]
[PlyCount "50"]
[White "GerardKelian"]
[Black "EstinCharbonne"]
[WhiteElo "1056"]
[BlackElo "1343"]
[Mode "WEB"]
[Result "1-0"]

1. d4 c5 2. c4 cxd4 3. Qxd4 Nc6 4. Qd1 e6 5. e4 Bc5 6. Nc3 Nf6 7. Nf3 Ng4 8. Be3
Nxe3 9. fxe3 Bxe3 10. e5 Qb6 11. Qe2 Bc5 12. Na4 Qa5+ 13. Nc3 Bb4 14. Qd2 Nxe5
15. a3 Nxf3+ 16. gxf3 Qe5+ 17. Be2 Ba5 18. O-O-O a6 19. f4 Qf6 20. Qe3 O-O 21.
Ne4 Qd8 22. Rd3 b5 23. Rc3 Bxc3 24. Qd3 Bb7 25. Ng5 {EstinCharbonne a perdu au temps} 1-0

[Event "Tournament 14472 - Europe Echecs"]
[Site "Europe Echecs"]
[Date "2020.07.10"]
[Round "2"]
[Time "14:35:42"]
[PlyCount "104"]
[White "YaylaEmre"]
[Black "CastetsAntoine"]
[WhiteElo "1336"]
[BlackElo "1120"]
[Mode "WEB"]
[Result "1-0"]

1. e4 e5 2. Bc4 Nf6 3. Nc3 Nxe4 4. Nxe4 d5 5. Bxd5 Qxd5 6. d3 Bf5 7. f3 Bxe4 8.
fxe4 Qd7 9. Nf3 Nc6 10. Rb1 Bd6 11. Be3 O-O 12. O-O b6 13. c3 Bc5 14. Bxc5 bxc5
15. b4 cxb4 16. cxb4 Rfe8 17. Qb3 Nd4 18. Nxd4 Qxd4+ 19. Kh1 Qd7 20. Rf2 Rac8
21. Rbf1 Re6 22. Rxf7 Qxf7 23. Rxf7 Kxf7 24. h3 c5 25. Qd5 Ke7 26. Qb7+ Kd8 27.
Qxa7 c4 28. dxc4 Rxc4 29. Qb8+ Rc8 30. Qb7 Rg6 31. Qd5+ Ke7 32. Qxe5+ Re6 33.
Qxg7+ Kd6 34. Qd4+ Ke7 35. a4 Rc2 36. b5 Rg6 37. Qa7+ Kf6 38. Qd4+ Kf7 39. g4
Rf6 40. Qd7+ Kg6 41. Qe8+ Kg7 42. Qe7+ Kg6 43. Qe8+ Kg7 44. Qd7+ Kg6 45. Qd1
Rff2 46. Qg1 Kg5 47. b6 Kh4 48. b7 Rf8 49. Qb1 Rcf2 50. b8=Q Rf1+ 51. Qxf1 Rxf1+
52. Kg2 {CastetsAntoine a perdu au temps} 1-0

[Event "Tournament 14472 - Europe Echecs"]
[Site "Europe Echecs"]
[Date "2020.07.10"]
[Round "2"]
[Time "14:35:42"]
[PlyCount "71"]
[White "RevillardValen"]
[Black "CatherinotMarg"]
[WhiteElo "1005"]
[BlackElo "1327"]
[Mode "WEB"]
[Result "0-1"]

1. e4 Nf6 2. Nc3 d5 3. exd5 Nxd5 4. Nxd5 Qxd5 5. Nf3 Nc6 6. b3 Bg4 7. Bc4 Qe4+
8. Qe2 Qxe2+ 9. Bxe2 O-O-O 10. O-O Bxf3 11. Bxf3 Nd4 12. c3 Nxf3+ 13. gxf3 e5
14. Re1 f6 15. Bb2 Rxd2 16. Bc1 Rd3 17. Re3 Rd1+ 18. Kg2 Bc5 19. Re2 Rhd8 20.
Bb2 R1d2 21. Rxd2 Rxd2 22. Bc1 Rxf2+ 23. Kg3 Rc2 24. c4 g5 25. h4 Bf2+ 26. Kg4
Bxh4 27. a4 Kd7 28. Ba3 Ke6 29. Re1 Rg2+ 30. Kh3 Rg3+ 31. Kh2 Rxf3 32. Rd1 g4
33. Rg1 Rf2+ 34. Kh1 g3 35. Bc5 Rh2# {RevillardValen est échec et mat} 0-1

[Event "Tournament 14472 - Europe Echecs"]
[Site "Europe Echecs"]
[Date "2020.07.10"]
[Round "2"]
[Time "14:35:42"]
[PlyCount "43"]
[White "CayauNolanMael"]
[Black "DelmasRaphael"]
[WhiteElo "999"]
[BlackElo "1325"]
[Mode "WEB"]
[Result "0-1"]

1. e4 c5 2. Bc4 d6 3. Qf3 e6 4. Bb5+ Bd7 5. Bc4 Nc6 6. Nh3 Nf6 7. d3 Ne5 8. Qg3
Nxc4 9. dxc4 Nxe4 10. Qe3 Nf6 11. O-O Be7 12. Nc3 O-O 13. Nf4 h6 14. h3 Bc6 15.
Qg3 Kh7 16. Qd3+ Kh8 17. Ng6+ fxg6 18. Qxg6 Be8 19. Qd3 d5 20. Ne4 Nxe4 21. Qg3
Nxg3 {CayauNolanMael a abandonné} 0-1

[Event "Tournament 14472 - Europe Echecs"]
[Site "Europe Echecs"]
[Date "2020.07.10"]
[Round "3"]
[Time "15:09:57"]
[PlyCount "62"]
[White "AlaimeMaxime"]
[Black "MathieuPhileas"]
[WhiteElo "1834"]
[BlackElo "2214"]
[Mode "WEB"]
[Result "1-0"]

1. e4 c5 2. Nc3 Nc6 3. g3 g6 4. Bg2 Bg7 5. d3 d6 6. f4 Nf6 7. Nf3 O-O 8. O-O Rb8
9. a4 a6 10. h3 b5 11. axb5 axb5 12. g4 b4 13. Ne2 Bb7 14. Qe1 Nd7 15. Qh4 e5
16. Qg3 Nd4 17. Nexd4 cxd4 18. f5 f6 19. g5 gxf5 20. exf5 fxg5 21. Nxg5 Bxg2 22.
Qxg2 Nc5 23. Qd5+ Kh8 24. Nf7+ Rxf7 25. Qxf7 Qh4 26. Kh2 Rg8 27. Rg1 b3 28. Ra7
bxc2 29. Qxg7+ Rxg7 30. Ra8+ Rg8 31. Raxg8# {MathieuPhileas est échec et mat} 1-0

[Event "Tournament 14472 - Europe Echecs"]
[Site "Europe Echecs"]
[Date "2020.07.10"]
[Round "3"]
[Time "15:09:57"]
[PlyCount "151"]
[White "KuhnClement"]
[Black "courjalpauline"]
[WhiteElo "2150"]
[BlackElo "1848"]
[Mode "WEB"]
[Result "0-1"]

1. e4 e6 2. d4 d5 3. Nc3 Bb4 4. Nge2 Nc6 5. a3 Ba5 6. b4 Bb6 7. Bb2 Nge7 8. g3
e5 9. Bg2 dxe4 10. d5 Nd4 11. Nxd4 Bxd4 12. Bxe4 Bh3 13. Qd2 Qd7 14. O-O-O a5
15. b5 a4 16. f4 Nc8 17. fxe5 Bxe5 18. Rde1 Ne7 19. Kb1 Bf6 20. Bd3 O-O 21. Qf4
Bxc3 22. Bxc3 Nxd5 23. Qd4 Nxc3+ 24. Qxc3 Be6 25. Rd1 Qe7 26. Rhe1 Qg5 27. h4
Qh5 28. Be2 Bg4 29. Bxg4 Qxg4 30. Rd4 Qf5 31. Qd3 Qf6 32. h5 Rad8 33. Rxd8 Rxd8
34. Qe4 Qd6 35. Qxa4 Qxg3 36. Rc1 Qd6 37. Re1 Qg3 38. Rc1 Qg5 39. Re1 Qxh5 40.
Qb3 h6 41. a4 Qd5 42. Re8+ Kh7 43. Qxd5 Rxd5 44. Kb2 Rd7 45. Rb8 c6 46. bxc6
bxc6 47. Kb3 g5 48. a5 Ra7 49. Kb4 g4 50. Rd8 f5 51. Rd4 g3 52. Rd3 Rg7 53. a6
g2 54. a7 g1=Q 55. a8=Q Qb6+ 56. Kc3 Qc5+ 57. Kb2 Qb4+ 58. Rb3 Qd4+ 59. c3 Qd2+
60. Ka3 Qd6+ 61. Rb4 c5 62. Ra4 c4+ 63. Rb4 Qc5 64. Qa6 Ra7 65. Qxa7+ Qxa7+ 66.
Kb2 Qf2+ 67. Ka3 Qc5 68. Kb2 f4 69. Kc2 f3 70. Rb7+ Kg6 71. Kd2 Qf2+ 72. Kd1
Qe2+ 73. Kc1 f2 74. Rb6+ Kf5 75. Rb5+ Ke4 {KuhnClement a abandonné} 0-1

[Event "Tournament 14472 - Europe Echecs"]
[Site "Europe Echecs"]
[Date "2020.07.10"]
[Round "3"]
[Time "15:09:57"]
[PlyCount "131"]
[White "LarmetNino"]
[Black "CandelotClemen"]
[WhiteElo "1818"]
[BlackElo "2089"]
[Mode "WEB"]
[Result "0-1"]

1. e4 e5 2. Nf3 Nc6 3. Bb5 a6 4. Ba4 g6 5. d4 exd4 6. Nxd4 Bg7 7. Be3 Nge7 8.
O-O O-O 9. c4 d6 10. Nc3 h6 11. Qd2 Kh7 12. Rad1 Ne5 13. Qe2 f5 14. exf5 Nxf5
15. Nxf5 Bxf5 16. Bd4 Qh4 17. Bxe5 Bxe5 18. g3 Qf6 19. Nd5 Qf7 20. Bc2 Bxc2 21.
Qxc2 Rae8 22. f4 Bg7 23. Rde1 c6 24. Nb4 Qc7 25. Nd3 Qb6+ 26. Kg2 Qd4 27. b3 b5
28. cxb5 cxb5 29. Nf2 Qd5+ 30. Kg1 Bd4 31. Rd1 Qc5 32. Qxc5 dxc5 33. Rfe1 Kg7
34. Kg2 Kf7 35. Ne4 Re6 36. Re2 Rfe8 37. Rde1 Kg7 38. Kf3 Rc8 39. g4 c4 40. f5
gxf5 41. gxf5 Re5 42. Rg2+ Kf8 43. bxc4 bxc4 44. Rg6 Rxf5+ 45. Kg4 Rf7 46. Nd6
Rd8 47. Nxf7 Kxf7 48. Rc6 c3 49. Rf1+ Ke7 50. Re1+ Kf7 51. Rf1+ Ke7 52. Rc7+ Kd6
53. Rh7 Kd5 54. Rc1 Kc4 55. Rf7 Kd3 56. Rf3+ Kc4 57. Rff1 Rd5 58. Rc2 Rg5+ 59.
Kf3 Rf5+ 60. Ke2 Rxf1 61. Kxf1 Kd3 62. Rg2 c2 63. Rg3+ Be3 64. Rxe3+ Kxe3 65.
Kg2 c1=Q {LarmetNino a abandonné} 0-1

[Event "Tournament 14472 - Europe Echecs"]
[Site "Europe Echecs"]
[Date "2020.07.10"]
[Round "3"]
[Time "15:09:57"]
[PlyCount "114"]
[White "RobertYoann"]
[Black "CarlierBromber"]
[WhiteElo "2071"]
[BlackElo "1790"]
[Mode "WEB"]
[Result "1-0"]

1. b3 d5 2. Bb2 Nc6 3. e3 e5 4. Bb5 Bd6 5. f4 f6 6. Nh3 Nge7 7. fxe5 Bxe5 8.
Bxe5 fxe5 9. O-O Bxh3 10. Qh5+ g6 11. Qxh3 Qd7 12. Qxd7+ Kxd7 13. Nc3 Rhf8 14.
Bxc6+ Kxc6 15. Ne2 Nf5 16. Rac1 Kd6 17. c4 c6 18. Nc3 Ne7 19. cxd5 Nxd5 20. Ne4+
Ke7 21. Nc5 b6 22. Nd3 Kd6 23. Nb2 b5 24. Nd3 a5 25. a3 Rf6 26. Nc5 Rxf1+ 27.
Kxf1 Rf8+ 28. Kg1 Rf7 29. Ne4+ Kc7 30. Ng5 Re7 31. Rf1 h6 32. Ne4 a4 33. b4 Nb6
34. d3 Nd5 35. Re1 Rd7 36. Kf2 Rf7+ 37. Ke2 Kd7 38. Rc1 Ne7 39. Nc5+ Kd6 40.
Nb7+ Kc7 41. Nc5 g5 42. Ne4 Ng6 43. g3 Ne7 44. Rc5 Nd5 45. Nf2 Kd6 46. e4 Nb6
47. Ng4 Nd7 48. Rc1 h5 49. Ne3 Nf6 50. Nf5+ Kd7 51. Rf1 Ng4 52. h3 Nh2 53. Rf2
Ng4 54. hxg4 hxg4 55. Rh2 Ke6 56. Rh6+ Kd7 57. Rh5 {CarlierBromber a abandonné} 1-0

[Event "Tournament 14472 - Europe Echecs"]
[Site "Europe Echecs"]
[Date "2020.07.10"]
[Round "3"]
[Time "15:09:57"]
[PlyCount "56"]
[White "BrunPierre"]
[Black "AdrianLeopold"]
[WhiteElo "1803"]
[BlackElo "2061"]
[Mode "WEB"]
[Result "1-0"]

1. d4 Nf6 2. c4 c5 3. d5 b5 4. cxb5 a6 5. b6 e6 6. Nc3 exd5 7. Nxd5 Nxd5 8. Qxd5
Nc6 9. Nf3 Rb8 10. e4 Be7 11. Bc4 O-O 12. O-O Rxb6 13. Rd1 d6 14. Bf4 Be6 15.
Qd3 Bxc4 16. Qxc4 Qb8 17. b3 Rb4 18. Qe2 Rd8 19. Rd5 Qb6 20. Rad1 Nd4 21. Nxd4
Rxd4 22. R5xd4 cxd4 23. Qd3 Bf6 24. Rc1 Qa5 25. a4 Qb6 26. g3 h5 27. Bd2 a5 28.
Qf3 {AdrianLeopold a perdu au temps} 1-0

[Event "Tournament 14472 - Europe Echecs"]
[Site "Europe Echecs"]
[Date "2020.07.10"]
[Round "3"]
[Time "15:09:57"]
[PlyCount "77"]
[White "AllardNedellecG"]
[Black "SumarrivaPauliL"]
[WhiteElo "1768"]
[BlackElo "2023"]
[Mode "WEB"]
[Result "1/2-1/2"]

1. e4 e6 2. d4 d5 3. e5 c5 4. c3 Bd7 5. Nf3 a6 6. Bd3 Nc6 7. O-O cxd4 8. cxd4
Qb6 9. Bc2 Nb4 10. Nc3 Nxc2 11. Qxc2 Ne7 12. Be3 Nc6 13. a3 Be7 14. Rac1 O-O 15.
Na4 Qc7 16. b4 Rac8 17. Nc5 a5 18. Nxd7 Qxd7 19. bxa5 Nxd4 20. Qb2 Nxf3+ 21.
gxf3 Ra8 22. Bb6 Rfc8 23. f4 Qa4 24. Rxc8+ Rxc8 25. Rc1 Rxc1+ 26. Qxc1 Qxa3 27.
Qc8+ Bf8 28. Qxb7 Qc1+ 29. Kg2 Qxf4 30. a6 Qg4+ 31. Kf1 Qd1+ 32. Kg2 Qg4+ 33.
Kf1 Qc4+ 34. Kg2 Qe4+ 35. Kf1 Qb1+ 36. Kg2 Qe4+ 37. Kf1 Qb1+ 38. Kg2 Qe4+ {Nulle par répétition} 1/2-1/2

[Event "Tournament 14472 - Europe Echecs"]
[Site "Europe Echecs"]
[Date "2020.07.10"]
[Round "3"]
[Time "15:09:57"]
[PlyCount "98"]
[White "CavaillesEvan"]
[Black "SansoneAdam"]
[WhiteElo "2018"]
[BlackElo "1776"]
[Mode "WEB"]
[Result "1-0"]

1. e4 c5 2. Nf3 d6 3. d4 cxd4 4. Nxd4 Nf6 5. Nc3 g6 6. Be3 Bg7 7. Bc4 O-O 8. f3
Nc6 9. Bb3 Bd7 10. Qd2 Rc8 11. O-O-O Ne5 12. Kb1 Nc4 13. Bxc4 Rxc4 14. g4 Qb8
15. h4 b5 16. h5 b4 17. Nce2 Rfc8 18. hxg6 fxg6 19. Rc1 a5 20. Bh6 Bh8 21. Bg5
Qb6 22. Be3 Qb7 23. Ng3 a4 24. g5 e5 25. gxf6 exd4 26. Bxd4 Be6 27. b3 axb3 28.
cxb3 Rxc1+ 29. Rxc1 Ra8 30. Qb2 Qf7 31. e5 dxe5 32. Bxe5 Rf8 33. Rc7 Qe8 34. Re7
Qc8 35. f7+ Rxf7 36. Rxf7 Kxf7 37. Bxh8 Bf5+ 38. Ka1 Qe6 39. Qe5 Qc6 40. Qg7+
Ke8 41. Qg8+ Ke7 42. Qxh7+ Kd8 43. Qh4+ Kc8 44. Qc4 Qxc4 45. bxc4 Bd3 46. c5 Kc7
47. Bd4 Kc6 48. Kb2 Kd5 49. Be3 {SansoneAdam a abandonné} 1-0

[Event "Tournament 14472 - Europe Echecs"]
[Site "Europe Echecs"]
[Date "2020.07.10"]
[Round "3"]
[Time "15:09:57"]
[PlyCount "98"]
[White "MartellierChar"]
[Black "ArhanTanguy"]
[WhiteElo "1468"]
[BlackElo "2016"]
[Mode "WEB"]
[Result "0-1"]

1. Nf3 Nf6 2. d4 g6 3. c4 Bg7 4. Nc3 O-O 5. e4 d6 6. Be2 e5 7. O-O Nc6 8. Be3
Ng4 9. dxe5 Nxe3 10. fxe3 Nxe5 11. Qc2 Nxf3+ 12. Bxf3 Bxc3 13. Qxc3 Qe7 14. Rad1
Re8 15. Rfe1 Qe5 16. Qd4 b6 17. Qd5 Rb8 18. Qxe5 Rxe5 19. Rd4 Bb7 20. b4 Rbe8
21. a4 Bxe4 22. Kf2 Kg7 23. b5 f5 24. Bxe4 Rxe4 25. Rxe4 Rxe4 26. Rc1 Kf6 27. g3
Re5 28. Kf3 Rc5 29. e4 fxe4+ 30. Kxe4 d5+ 31. Kd4 Rxc4+ 32. Rxc4 dxc4 33. Kxc4
Ke5 34. h3 g5 35. h4 gxh4 36. gxh4 h5 37. Kd3 c5 38. bxc6 Kd6 39. c7 Kxc7 40.
Kc4 Kc6 41. Kb4 a5+ 42. Kc4 Kc7 43. Kb5 Kb7 44. Kc4 Kc6 45. Kd4 b5 46. axb5+
Kxb5 47. Kc3 a4 48. Kb2 Kb4 49. Ka2 {MartellierChar a abandonné} 0-1

[Event "Tournament 14472 - Europe Echecs"]
[Site "Europe Echecs"]
[Date "2020.07.10"]
[Round "3"]
[Time "15:09:57"]
[PlyCount "63"]
[White "LambachMaxime"]
[Black "CaptonRafael"]
[WhiteElo "1980"]
[BlackElo "1737"]
[Mode "WEB"]
[Result "0-1"]

1. e4 e5 2. Nf3 Nc6 3. Bb5 a6 4. Bxc6 dxc6 5. O-O Bg4 6. h3 Bh5 7. g4 Bg6 8.
Nxe5 Qh4 9. Qf3 Bd6 10. Nxg6 hxg6 11. Kg2 O-O-O 12. d3 Ne7 13. Rh1 f5 14. exf5
gxf5 15. Be3 Rdf8 16. Nd2 Kb8 17. Nc4 g6 18. c3 Nd5 19. Raf1 fxg4 20. Qxg4 Qe7
21. Nxd6 cxd6 22. Re1 Qf7 23. Qg3 Rh5 24. Qxd6+ Ka8 25. Qg3 Rf5 26. Rhf1 Rf3 27.
Qh4 Nxe3+ 28. Rxe3 Rxe3 29. Qd4 Qf3+ 30. Kg1 Rxd3 31. Qc5 Rh8 {LambachMaxime a abandonné} 0-1

[Event "Tournament 14472 - Europe Echecs"]
[Site "Europe Echecs"]
[Date "2020.07.10"]
[Round "3"]
[Time "15:09:57"]
[PlyCount "88"]
[White "BabaudAntoine"]
[Black "AtliCeline"]
[WhiteElo "1943"]
[BlackElo "1640"]
[Mode "WEB"]
[Result "1-0"]

1. d4 d5 2. c4 dxc4 3. Nf3 Nf6 4. e3 g6 5. Nc3 Bg7 6. Bxc4 O-O 7. h3 Bf5 8. O-O
Nc6 9. Qe2 Na5 10. Bd3 Be6 11. b4 Nc6 12. a3 Nd5 13. Bb2 h6 14. Ne4 Bf5 15. Nc5
Bxd3 16. Nxd3 e6 17. Rac1 Nce7 18. Rfd1 Rc8 19. e4 Nf6 20. Nde5 c6 21. Nd2 Nd7
22. Ndc4 Nxe5 23. dxe5 Qc7 24. Nd6 Rcd8 25. Qc4 Nc8 26. Qc5 Nxd6 27. Rxd6 Rc8
28. Qxa7 Rfd8 29. Rcd1 Rxd6 30. exd6 Qd7 31. Bxg7 Kxg7 32. e5 f6 33. exf6+ Kxf6
34. Qd4+ Kf7 35. Rd3 Rd8 36. Rf3+ Kg8 37. Qf6 Kh7 38. h4 Qxd6 39. Qf7+ Kh8 40.
Qxg6 Qd1+ 41. Kh2 Qd6+ 42. g3 e5 43. Rf6 Qd2 44. Rf7 {AtliCeline a abandonné} 1-0

[Event "Tournament 14472 - Europe Echecs"]
[Site "Europe Echecs"]
[Date "2020.07.10"]
[Round "3"]
[Time "15:09:57"]
[PlyCount "60"]
[White "BriandAmaury"]
[Black "RobichonPierre"]
[WhiteElo "1929"]
[BlackElo "1573"]
[Mode "WEB"]
[Result "1-0"]

1. e4 c5 2. Nf3 Nc6 3. d4 cxd4 4. Nxd4 g6 5. c4 Bg7 6. Be3 Nh6 7. Nc3 Ng4 8.
Qxg4 Nxd4 9. Qd1 Ne6 10. Rc1 Qa5 11. Qd2 d6 12. Be2 Nc5 13. f3 f5 14. Bd4 O-O
15. Bxg7 Kxg7 16. O-O Qb6 17. Kh1 fxe4 18. fxe4 Bd7 19. Nd5 Qd8 20. Rxf8 Qxf8
21. Rf1 Nxe4 22. Rxf8 Rxf8 23. Qd4+ Nf6 24. h3 e5 25. Qxa7 Nh5 26. Qxb7 Rf7 27.
Bxh5 gxh5 28. Qb6 Rf1+ 29. Kh2 Rf2 30. Qxf2 {RobichonPierre a abandonné} 1-0

[Event "Tournament 14472 - Europe Echecs"]
[Site "Europe Echecs"]
[Date "2020.07.10"]
[Round "3"]
[Time "15:09:57"]
[PlyCount "73"]
[White "GalhaudVictor"]
[Black "MartinezMartin"]
[WhiteElo "1446"]
[BlackElo "1917"]
[Mode "WEB"]
[Result "0-1"]

1. Nf3 c5 2. g3 Nc6 3. Bg2 g6 4. b3 Bg7 5. Nc3 d5 6. e3 e5 7. Bb2 e4 8. Ng1 Nh6
9. Nge2 O-O 10. O-O f5 11. d4 cxd4 12. Nxd4 Nxd4 13. exd4 f4 14. gxf4 Rxf4 15.
Bc1 Rh4 16. Ne2 g5 17. f3 Qd6 18. Ng3 exf3 19. Qxf3 Bxd4+ 20. Kh1 Bxa1 21. Bxg5
Nf5 22. Bxh4 Nxh4 23. Qf7+ Kh8 24. Qe8+ Kg7 25. Rf7+ Kh6 26. Qe3+ Kg6 27. Qf2
Be6 28. Qf6+ Bxf6 29. Rxf6+ Kxf6 30. Nh5+ Kg6 31. Ng3 Nxg2 32. Kxg2 Rf8 33. h3
Qf4 34. Ne2 Qf3+ 35. Kg1 Qxe2 36. Kh1 Rf1# {GalhaudVictor est échec et mat} 0-1

[Event "Tournament 14472 - Europe Echecs"]
[Site "Europe Echecs"]
[Date "2020.07.10"]
[Round "3"]
[Time "15:09:57"]
[PlyCount "102"]
[White "LecciaThomas"]
[Black "GavilaQuentin"]
[WhiteElo "1893"]
[BlackElo "1199"]
[Mode "WEB"]
[Result "1-0"]

1. e4 e6 2. d4 d5 3. Bd3 Nf6 4. e5 Nfd7 5. Ne2 c5 6. c3 Nc6 7. O-O Qb6 8. Bc2
Be7 9. f4 O-O 10. Kh1 f6 11. Ng3 cxd4 12. exf6 Bxf6 13. f5 dxc3 14. Nxc3 Nc5 15.
fxe6 Bxe6 16. Nxd5 Bxd5 17. Qxd5+ Kh8 18. Be3 Nb4 19. Qxc5 Qxc5 20. Bxc5 Nxc2
21. Bxf8 Nxa1 22. Bxg7+ Bxg7 23. Rxa1 Bxb2 24. Rb1 Rc8 25. Ne2 Be5 26. g3 Rc2
27. Nc1 b6 28. Nd3 Bd6 29. Rb2 Rxb2 30. Nxb2 Kg7 31. Kg2 Kf6 32. Kf3 Bc5 33. Ke4
Ke6 34. g4 Bd6 35. h4 Bg3 36. h5 Kf6 37. Kf3 Bd6 38. Nc4 Bc5 39. Kf4 h6 40. Nd2
a5 41. Ne4+ Kg7 42. Kf5 a4 43. g5 hxg5 44. Kxg5 a3 45. h6+ Kh7 46. Nf6+ Kh8 47.
Kg6 Bd4 48. Ne8 b5 49. h7 b4 50. Nd6 b3 51. Nf7# {GavilaQuentin est échec et mat} 1-0

[Event "Tournament 14472 - Europe Echecs"]
[Site "Europe Echecs"]
[Date "2020.07.10"]
[Round "3"]
[Time "15:09:57"]
[PlyCount "68"]
[White "RebutPaul"]
[Black "BorissovVictor"]
[WhiteElo "1966"]
[BlackElo "1162"]
[Mode "WEB"]
[Result "1-0"]

1. d4 Nf6 2. Bf4 d5 3. e3 e6 4. Nd2 Bd6 5. Bg3 b6 6. Ngf3 Ba6 7. Bxa6 Nxa6 8. c3
c5 9. Qa4+ Qd7 10. Qxa6 O-O 11. Qe2 cxd4 12. exd4 Rfe8 13. Ne5 Qc7 14. O-O Nd7
15. Nxd7 Qxd7 16. Nf3 f6 17. Rfe1 Bxg3 18. hxg3 Re7 19. Rad1 Rae8 20. Qd3 Qd6
21. Re2 Rd8 22. Rde1 Rde8 23. Nh4 g5 24. Nf3 Rg7 25. Re3 h5 26. Qe2 Kf7 27. Nh2
g4 28. Nf1 f5 29. Re5 Rgg8 30. Ne3 Qd7 31. Nc2 Rg6 32. Nb4 Rgg8 33. Nd3 Rh8 34.
Nf4 {BorissovVictor a abandonné} 1-0

[Event "Tournament 14472 - Europe Echecs"]
[Site "Europe Echecs"]
[Date "2020.07.10"]
[Round "3"]
[Time "15:09:57"]
[PlyCount "95"]
[White "BrunThomas"]
[Black "LecciaAntoine"]
[WhiteElo "1511"]
[BlackElo "1950"]
[Mode "WEB"]
[Result "0-1"]

1. e4 e5 2. Nf3 Nc6 3. Bb5 a6 4. Ba4 Nf6 5. O-O b5 6. Bb3 Bb7 7. Re1 Bc5 8. c3
d6 9. d4 Bb6 10. h3 h6 11. a4 Qe7 12. d5 Nb8 13. axb5 axb5 14. Rxa8 Bxa8 15. Qe2
c6 16. Na3 b4 17. cxb4 O-O 18. Nc4 Ba7 19. Nh4 Nxd5 20. Nf5 Qf6 21. Ncxd6 Ne7
22. Qh5 Nxf5 23. Nxf5 Kh7 24. g4 Qg6 25. Qh4 Nd7 26. Kh2 c5 27. Rg1 Bxe4 28. Ne3
cxb4 29. g5 Bc6 30. Ng4 h5 31. Ne3 Bf3 32. Rg3 e4 33. Rxf3 exf3 34. Bc2 Bb8+ 35.
Kh1 Qxc2 36. Qxh5+ Kg8 37. Nxc2 Rc8 38. g6 Rxc2 39. gxf7+ Kf8 40. Qg5 Nf6 41.
Bf4 Ba7 42. Kh2 Rxf2+ 43. Kh1 Rf1+ 44. Kh2 Bg1+ 45. Kg3 Ne4+ 46. Kh4 Nxg5 47.
Kxg5 Kxf7 {BrunThomas a abandonné} 0-1

[Event "Tournament 14472 - Europe Echecs"]
[Site "Europe Echecs"]
[Date "2020.07.10"]
[Round "3"]
[Time "15:09:57"]
[PlyCount "108"]
[White "DelageJonas"]
[Black "TomasMaureen"]
[WhiteElo "1491"]
[BlackElo "1468"]
[Mode "WEB"]
[Result "1-0"]

1. d4 d5 2. c4 c6 3. Nc3 Nf6 4. Nf3 Bf5 5. Qb3 Qc7 6. cxd5 cxd5 7. Nxd5 Nxd5 8.
Qxd5 Be6 9. Qb5+ Qd7 10. Qxd7+ Nxd7 11. e4 g6 12. h3 Bg7 13. d5 Bxd5 14. exd5
O-O 15. Be2 Nb6 16. O-O Rfd8 17. Rd1 Rac8 18. Be3 Nxd5 19. Bd4 Bxd4 20. Rxd4 Nb6
21. Rxd8+ Rxd8 22. Rc1 Nd5 23. g3 e6 24. a3 a6 25. Ne1 Kg7 26. Nd3 h5 27. Kf1
Rd6 28. Ke1 b5 29. Nb4 Nxb4 30. axb4 Kf6 31. Bf3 Rd4 32. Rc2 Rxb4 33. Kd2 Rd4+
34. Ke3 Rd6 35. Rd2 Rb6 36. Kd4 Rd6+ 37. Kc3 Rb6 38. Kb4 Rb8 39. Ka5 b4 40. Kxa6
Ke5 41. Bb7 f6 42. Kb6 g5 43. Kc7 Re8 44. Kd7 Rb8 45. Bf3 Rb6 46. Kc7 Rb5 47.
Kc6 Rb8 48. Bxh5 Rc8+ 49. Kd7 Rb8 50. Re2+ Kd5 51. Bf3+ Kc4 52. Rxe6 Kb3 53. Re2
Rb7+ 54. Bxb7 {TomasMaureen a abandonné} 1-0